| 000 | 01277nam a2200313Ia 4500 | ||
|---|---|---|---|
| 001 | ebr10380805 | ||
| 003 | CaPaEBR | ||
| 006 | m u | ||
| 007 | cr cn||||||||| | ||
| 008 | 070313s2006 dcud s i000 0 eng d | ||
| 040 |
_aCaPaEBR _cCaPaEBR |
||
| 035 | _a(OCoLC)694141076 | ||
| 050 | 1 | 4 |
_aHG229 _b.S55 2006eb |
| 100 | 1 | _aSilver, M. S. | |
| 245 | 1 | 4 |
_aThe difference between hedonic imputation indexes and time dummy hedonic indexes _h[electronic resource] / _cMick Silver and Saeed Heravi. |
| 260 |
_a[Washington, D.C.] : _bInternational Monetary Fund, Statistics Dept., _c2006. |
||
| 300 |
_a18 p. : _bgraph. |
||
| 490 | 1 |
_aIMF working paper ; _vWP/06/181 |
|
| 500 | _a"July 2006". | ||
| 533 |
_aElectronic reproduction. _bPalo Alto, Calif. : _cebrary, _d2011. _nAvailable via World Wide Web. _nAccess may be limited to ebrary affiliated libraries. |
||
| 650 | 0 | _aInflation (Finance) | |
| 650 | 0 | _aPrice indexes. | |
| 655 | 7 |
_aElectronic books. _2local |
|
| 700 | 1 | _aHeravi, Saeed. | |
| 710 | 2 |
_aInternational Monetary Fund. _bStatistics Dept. |
|
| 710 | 2 | _aebrary, Inc. | |
| 830 | 0 |
_aIMF working paper ; _vWP/06/181. |
|
| 856 | 4 | 0 |
_uhttp://site.ebrary.com/lib/rucke/Doc?id=10380805 _zAn electronic book accessible through the World Wide Web; click to view |
| 999 |
_c207019 _d207019 |
||